000 01827cam a2200481 a 4500
001 sjds388940
003 sjds
005 20210509185127.0
008 080808t20092009mnua j 000 0 spa
010 _a 2008034741
020 _a9781575423128 (pbk.)
020 _a157542312X (pbk.)
035 _a(OCoLC)244246554
040 _aDLC
_cDLC
_dBTCTA
_dUtOrBLW
041 1 _aspa
_aeng
_heng
049 _aIFAA
099 _aCHILDREN ESPANOL 177 VERDICK
100 1 _aVerdick, Elizabeth.
245 1 4 _aLas palabras no son para lastimar =
_bWords are not for hurting /
_cElizabeth Verdick ; ilustrado por Marieka Heinlen ; traducido por Alejandra Schmidt.
246 3 1 _aPalabras no son para lastimar
246 3 1 _aWords are not for hurting
260 _aMinneapolis, MN :
_bFree Spirit Pub.,
_cc2009
264 1 _aMinneapolis, MN :
_bFree Spirit Pub.,
_c[2009]
264 4 _cc2009
300 _a33 pages :
_billustrations (some color) ;
_c23 cm
336 _atext
_btxt
_2rdacontent
337 _aunmediated
_bn
_2rdamedia
338 _avolume
_bnc
_2rdacarrier
521 1 _a004-007.
521 8 _aAD 200
_bLexile
546 _aSpanish and English.
650 0 _aConversation
_vJuvenile literature.
650 0 _aEtiquette for children and teenagers
_vJuvenile literature.
650 0 _aSpanish language materials
_xBilingual
_vJuvenile literature.
650 7 _aConversación
_vLiteratura juvenil.
_2bidex
650 7 _aEtiqueta para niños y jóvenes
_vLiteratura juvenil.
_2bidex
650 7 _aMateriales bilingües en español
_vLiteratura juvenil.
_2bidex
700 1 2 _aVerdick, Elizabeth.
_tWords are not for hurting.
_lSpanish.
700 1 2 _aVerdick, Elizabeth.
_tWords are not for hurting.
_lEnglish.
700 1 _aHeinlen, Marieka,
_eillustrator.
700 1 _aSchmidt, Alejandra.
942 _cBK
_2ddc
999 _c20307
_d20307